UM Logo

A novel hybrid line commutated converter based on IGCT to mitigate commutation failure for High-Power HVdc application / (Record no. 19141)

MARC details
000 -LEADER
fixed length control field 01217nam a22002897a 4500
003 - CONTROL NUMBER IDENTIFIER
control field OSt
005 - DATE AND TIME OF LATEST TRANSACTION
control field 20250911153342.0
008 - FIXED-LENGTH DATA ELEMENTS--GENERAL INFORMATION
fixed length control field 240214b ||||| |||| 00| 0 eng d
040 ## - CATALOGING SOURCE
Transcribing agency 0
082 ## - DEWEY DECIMAL CLASSIFICATION NUMBER
Classification number DPer 621.317 Ie21 May 2022 v. 37 n. 5
100 ## - MAIN ENTRY--PERSONAL NAME
Personal name Xu, Chaoqun.
Relator term author.
9 (RLIN) 52338
245 ## - TITLE STATEMENT
Title A novel hybrid line commutated converter based on IGCT to mitigate commutation failure for High-Power HVdc application /
Statement of responsibility, etc. Chaoqun Xu, Zhanqing Yu, Biao Zhao, Zhengyu Chen, Zongze Wang, Chunpin Ren, and Rong Zeng.
260 ## - PUBLICATION, DISTRIBUTION, ETC. (IMPRINT)
Place of publication, distribution, etc. New York ;
Name of publisher, distributor, etc. The Institute of Electrical and Electronics Engineers, Inc. ,
Date of publication, distribution, etc. May 2022.
300 ## - PHYSICAL DESCRIPTION
Extent Volume 37, pages 4931-4936 :
Other physical details illustration ;
Dimensions 28 cm.
500 ## - GENERAL NOTE
General note IEEE Transactions on Power Electronics, v. 37 n. 5, pages 4931-4936, May 2022.
650 #0 - SUBJECT ADDED ENTRY--TOPICAL TERM
Topical term or geographic name as entry element Bridge circuits.
9 (RLIN) 65909
650 #0 - SUBJECT ADDED ENTRY--TOPICAL TERM
Topical term or geographic name as entry element Thyristors.
9 (RLIN) 65924
650 #0 - SUBJECT ADDED ENTRY--TOPICAL TERM
Topical term or geographic name as entry element Topology.
9 (RLIN) 65877
700 ## - ADDED ENTRY--PERSONAL NAME
Personal name Xu, Chaoqun.
Relator term author.
9 (RLIN) 52338
700 ## - ADDED ENTRY--PERSONAL NAME
Personal name Yu, Zhanqing.
Relator term author.
9 (RLIN) 52339
700 ## - ADDED ENTRY--PERSONAL NAME
Personal name Zhao, Biao.
Relator term author.
9 (RLIN) 52340
700 ## - ADDED ENTRY--PERSONAL NAME
Personal name Chen, Zhengyu.
Relator term author.
9 (RLIN) 52341
700 ## - ADDED ENTRY--PERSONAL NAME
Personal name Ren, Chunpin.
Relator term author.
9 (RLIN) 52342
700 ## - ADDED ENTRY--PERSONAL NAME
Personal name Wang, Zongze.
Relator term author.
9 (RLIN) 52343
700 ## - ADDED ENTRY--PERSONAL NAME
Personal name Zeng, Rong.
Relator term author.
9 (RLIN) 52344
942 ## - ADDED ENTRY ELEMENTS (KOHA)
Source of classification or shelving scheme Dewey Decimal Classification
Koha item type Periodicals
Holdings
Withdrawn status Lost status Source of classification or shelving scheme Damaged status Not for loan Collection code Home library Current library Date acquired Total Checkouts Full call number Date last seen Price effective from Koha item type Public note
    Dewey Decimal Classification     Periodicals UM Digos College - LIC UM Digos College - LIC 02/14/2024   DPer 621.317 Ie21 May 2022 v. 37 n. 5 02/14/2024 02/14/2024 Periodicals Periodical Article